000 00540nam a2200169Ia 4500
003 GCL
008 140319s9999 xx 000 0 ara d
040 _aGCL /
_cGCL
082 0 4 _a813.01
_bا ا
100 1 _aاسماعيل العادلى
245 1 0 _aايام المطر (هدية من الاديب عبدالفتاح الجمل) /
_cاسماعيل العادلى
300 _a153 ص
490 _aقصص معاصرة
_v0
650 0 4 _aالادب العربى
650 0 4 _aالقصص العربية القصيرة
942 _2ddc
_cBK
999 _c47358
_d47358